02602nam a2200337Ka 4500001001000000003000600010005001700016008004100033020001500074020001800089020001500107035002100122040002500143082001600168245014000184260009500324300002700419500008300446500002100529505127800550651004501828651005301873700003701926700003701963700004402000910003902044952011902083994001402202999002802216049002002244000007698OCoLC20200929154251.0090907s1990 sp ac 001 0 spa d z8401612755 a9788401612756 a8401612756 a(OCoLC)436000165 aDO-SdBNPbspacBNPHU aR972bC951a00aCrónica de América /cdirección Guillem Burrel i Floria ; redacción Xavier Sanmartí Roset ; prólogo Manuel Lucena Salmoral. aEsplugues de Llobregat, [Barcelona] :bQuinto centenariobPlaza & Janés Editores,c1990. a763 p. :bil ;c30 cm. aIncluye apéndices de gobernadores y presidentes de los países de América aIncluye índice2 aCrónica del año 3.900 al 1301 a de C - La consolidación de las culturas americanas del 3000 a de C al 300 d de C - Crónica de año 1300 a de C al 299 de C - Del esplendor a la ruina de las civilizaciones americanas del 300 d de C al 1525 - Crónica del año 300 d de C al 1490 - El ciclo colombino del 1492 al 1506 - Crónica del año 1490 al 1509 - Los grandes descubrimientos y conquistas del 1506 al 1550 - Crónica del año 1510 al 1549 - La configuración de la América hispanoportuguesa del 1550 al 1600 - Crónica del año 1550 al 1599 - El siglo XVII o la proliferación de colonizaciones europeas del 1600 al 1699 - Crónica del año 1600 al 1699 - América en el siglo de la ilustración del 1700 al 1808 - Crónica del año 1700 al 1807 - Las nuevas repúblicas, dos modelos de desarrollo del 1808 al 1850 - Crónica del año 1808 al 1824 - Crónica del año 1825 al 1849 - América Latina en la división internacional del trabajo del 1850 al 1929 - Crónica del año 1850 al 1879 - Crónica del año 1880 al 1928 - Desarrollo y dependencia del 1929 al 1959 - Crónica del año 1929 al 1959 - Desarrollo e independencia desde 1960 - Crónica del año 1960 al 1989 - Gobernadores - Presidentes - Biografías - Índice. 4aAméricaxHistoriaxCronología921351 4aAméricaxHistoriografíaxCronología9213521 aBurrel i Florida, Guillem9213531 aSanmartí Roset , Xavier9213541 aLucena Salmoral, Manuelepról.918070 aValidado. Control de calidad BNPHU 001054708MOaGRbGRcCTd2010-03-25iLF1l0oR972 C951ap7698-10r2020-06-25w2020-06-25y4ZPréstamo en sala aC0bBNPHU99a1 n0000354c7477d7477 aBNPDc1[002031]